Statistiques concernant Départements français avec le plus de communes

Cliquez ici pour prendre le quiz!

Statistiques générales

  • Ce quiz a été pris 133 fois
    (51 depuis la dernière actualisation)
  • Le résultat moyen est 15 sur 23

Statistiques - réponses

Nb de Communes (2022)Département% Correct
535Gironde
84%
648Nord
84%
890Pas-de-Calais
84%
679Oise
74%
591Meurthe-et-Moselle
72%
772Somme
72%
585Eure
70%
613Marne
70%
708Seine-Maritime
70%
799Aisne
67%
528Calvados
67%
586Haute-Garonne
65%
514Bas-Rhin
63%
698Côte-d'Or
58%
725Moselle
58%
565Saône-et-Loire
58%
507Seine-et-Marne
58%
507Vosges
53%
503Dordogne
51%
571Doubs
51%
512Isère
49%
539Haute-Saône
47%
546Pyrénées-Atlantiques
35%

Distribution des résultats

Percentile par nombre de réponses

% des personnes avec chaque résultat

Votre développement - résultats

Vous n’avez pas pris ce quiz depuis la dernière actualisation